|
|
|
|
| LEADER |
00000nam0a2200000 4500 |
| 001 |
244456 |
| 005 |
20241211063201.0 |
| 035 |
|
|
|a (RuTPU)RU\TPU\book\265840
|
| 035 |
|
|
|a RU\TPU\book\180577
|
| 090 |
|
|
|a 244456
|
| 100 |
|
|
|a 20131023d2013 m y0rusy50 ca
|
| 101 |
0 |
|
|a rus
|
| 102 |
|
|
|a RU
|
| 105 |
|
|
|a a j 001zy
|
| 200 |
1 |
|
|a Химия природных энергоносителей и углеродных материалов
|e учебное пособие
|f А. И. Левашова, Е. Н. Ивашкина, Е. В. Бешагина
|g Национальный исследовательский Томский политехнический университет (ТПУ)
|
| 205 |
|
|
|a 2-е изд.
|
| 210 |
|
|
|a Томск
|c Изд-во ТПУ
|d 2013
|
| 215 |
|
|
|a 131 с.
|c ил.
|
| 320 |
|
|
|a Библиогр.: с. 128-129.
|
| 330 |
|
|
|a В учебном пособии рассмотрены вопросы происхождения, классификации, состава, физико-химических свойств и молекулярной структуры природных и синтетических форм свободного углерода и природных энергоносителей - сложных природных углеродсодержащих веществ (углей, торфа, нефти, углеводородных газов). Приведены механизмы основных химических процессов технологии природных энергоносителей и углеродных материалов.
|
| 451 |
|
1 |
|0 (RuTPU)RU\TPU\book\111295
|t Химия природных энергоносителей и углеродных материалов
|o учебное пособие
|f А. И. Левашова, А. В. Кравцов
|g Томский политехнический университет
|c Томск
|n Изд-во ТПУ
|d 2005
|p 108 с.
|a Левашова, Альбина Ивановна
|
| 452 |
|
1 |
|0 (RuTPU)RU\TPU\book\268959
|t Химия природных энергоносителей и углеродных материалов
|o учебное пособие
|f А. И. Левашова, Е. Н. Ивашкина, Е. В. Бешагина
|g Национальный исследовательский Томский политехнический университет (ТПУ), Институт природных ресурсов (ИПР), Кафедра химической технологии топлива и химической кибернетики (ХТТ)
|e 2-е изд.
|c Томск
|n Изд-во ТПУ
|d 2013
|a Левашова, Альбина Ивановна
|
| 606 |
1 |
|
|a Нефть
|x Физико-химический анализ
|2 stltpush
|3 (RuTPU)RU\TPU\subj\33803
|9 55937
|
| 610 |
1 |
|
|a химическая технология
|
| 610 |
1 |
|
|a углерод
|
| 610 |
1 |
|
|a углеродные материалы
|
| 610 |
1 |
|
|a аллотропные модификации
|
| 610 |
1 |
|
|a физические свойства
|
| 610 |
1 |
|
|a химические свойства
|
| 610 |
1 |
|
|a твердые энергоносители
|
| 610 |
1 |
|
|a растительные материалы
|
| 610 |
1 |
|
|a белки
|
| 610 |
1 |
|
|a липоиды
|
| 610 |
1 |
|
|a лигнины
|
| 610 |
1 |
|
|a углеобразование
|
| 610 |
1 |
|
|a углеводы
|
| 610 |
1 |
|
|a уголь
|
| 610 |
1 |
|
|a структура
|
| 610 |
1 |
|
|a классификация
|
| 610 |
1 |
|
|a нефть
|
| 610 |
1 |
|
|a природный газ
|
| 610 |
1 |
|
|a термические процессы
|
| 610 |
1 |
|
|a каталитический крекинг
|
| 610 |
1 |
|
|a окисление
|
| 610 |
1 |
|
|a горючие ископаемые
|
| 610 |
1 |
|
|a газификация
|
| 610 |
1 |
|
|a синтез
|
| 610 |
1 |
|
|a учебные пособия
|
| 610 |
1 |
|
|a природные энергоносители
|
| 610 |
1 |
|
|a углеродные материалы
|
| 610 |
1 |
|
|a труды учёных ТПУ
|
| 675 |
|
|
|a 665.61(075.8)
|v 3
|
| 700 |
|
1 |
|a Левашова
|b А. И.
|c химик-технолог
|c доцент Томского политехнического университета, кандидат химических наук
|f 1945-
|g Альбина Ивановна
|3 (RuTPU)RU\TPU\pers\30344
|
| 701 |
|
1 |
|a Ивашкина
|b Е. Н.
|c химик-технолог
|c профессор Томского политехнического университета, доктор технических наук
|f 1983-
|g Елена Николаевна
|y Томск
|3 (RuTPU)RU\TPU\pers\24965
|9 11119
|
| 701 |
|
1 |
|a Бешагина
|b Е. В.
|c химик-технолог
|c доцент Томского политехнического университета, кандидат химических наук
|f 1983-
|g Евгения Владимировна
|3 (RuTPU)RU\TPU\pers\25265
|9 11298
|
| 712 |
0 |
2 |
|a Национальный исследовательский Томский политехнический университет (ТПУ)
|c (2009- )
|3 (RuTPU)RU\TPU\col\15902
|
| 801 |
|
1 |
|a RU
|b 63413507
|c 20040128
|g PSBO
|
| 801 |
|
2 |
|a RU
|b 63413507
|c 20151015
|g PSBO
|
| 942 |
|
|
|c BK
|